00705nam a22002057a 450000500170000001000150001702000260003203500130005803700130007108200110008410000220009524500600011726000280017727000510020530000260025650000510028294200250033399900170035895201240037520150427104235.0 aENG-112266 c699.00a9788171921065 aEN-95798 bDBAD/PUB a883.08 aVaidya, Varsha V. aMind and art of Nayantara Sahgal /cby Varsha V. Vaidya aNagpur bDattsonsc2014 aJawaharlal Nehru Marg, Sadar, bNagpure440001 aviii, 226p.b22cm(Hb) aIncludes bibliographical references and index  2ddccENmVAIh883.08 c91993d91993 001040718NFICaDBADbDBADd2015-02-27eDBAD/PUBg699.00l0o883.08 VAIpEN-95798r2015-02-27 00:00:00t1v699.00yEN